000 00597nam a2200229Ia 4500
003 OSt
005 20220923225844.0
006 a|||||r|||| 00| 0
007 ta
008 Pun
024 _a275,363
037 _cTextual
040 _aARTS
_cARTS
_bPun
041 _2Pun
_aPun
082 _aO153,1M97x, L3
100 _aਨਾਭਾ, ਹਰਨਾਮ ਕੌਰ
245 0 _aਪਾਰਸ ਛੁਹ
260 _c1973
650 _aਪੰਜਾਬੀ ਸਾਹਿਤ
942 _hO153,1M97x, L3
_cTEXL
_2CC
999 _c380875
_d380875